Praktická príručka efektívneho verejného obstarávateľa

Saved in:
Bibliographic Details
Main Author: Nociar, Adam
Format: Book
Language:Slovak
Published: Žilina Eurokódex 2023
Edition:1. vydanie
Subjects:
Tags: Add Tag
No Tags, Be the first to tag this record!

MARC

LEADER 00000nam a2200000 4500
001 0305196
005 20250102112305.4
020 |a 978-80-8155-122-2 
041 0 |a slo 
044 |a SK 
245 1 0 |a Praktická príručka efektívneho verejného obstarávateľa  |c Adam Nociar 
250 |a 1. vydanie 
264 1 |a Žilina  |b Eurokódex  |c 2023 
300 |a 170 s. 
610 2 0 |a obstarávanie verejné 
610 2 0 |a správa verejná 
610 2 0 |a kontrola verejná 
610 2 0 |a legislatíva 
100 1 |a Nociar, Adam